Video Game Characters By Picture - G - Statistics

General Stats
  • This quiz has been taken 145 times
  • The average score is 6 of 14
Answer Stats
Picture Answer % Correct
Goomba
93%
Ghost
79%
Ganondorf
74%
Geralt of Rivia
66%
Gordon Freeman
57%
Genji
55%
GLaDOS
55%
Gex
49%
G-Man
45%
Goro Majima
17%
Globox
16%
Guybrush Threepwood
11%
Gilius Thunderhead
4%
Gum
3%
No matching quizzes found
Score Distribution
Percent of People with Each Score
Percentile by Number Answered
Your Score History
You have not taken this quiz